[Event "XXIV Festival Conca della Presolana A"]
[Site "Bratto - Castione della Presolana ITA"]
[Date "2004.08.26"]
[Round "7"]
[White "Khenkin, Igor"]
[Black "Godena, Michele"]
[Result "1/2-1/2"]
[WhiteElo "2573"]
[BlackElo "2545"]
[PlyCount "39"]
[EventDate "2004.08.20"]

1.d4 d5 2.c4 e6 3.Nc3 a6 4.cxd5 exd5 5.Nf3 c6 6.Qc2 Bd6 7.e4 dxe4 8.Qxe4+ 
Ne7 9.Bc4 Bf5 10.Qh4 O-O 11.O-O Nd7 12.Ne4 Nb6 13.Nxd6 Qxd6 14.Bf4 Qb4 15.
Bb3 Nbd5 16.Rfe1 Ng6 17.Qh5 Ngxf4 18.Qxf5 a5 19.g3 a4 20.Bc2 1/2-1/2

[Event "XXIV Festival Conca della Presolana A"]
[Site "Bratto - Castione della Presolana ITA"]
[Date "2004.08.26"]
[Round "7"]
[White "Lanzani, Giuliano"]
[Black "Orsi, Massimiliano"]
[Result "1/2-1/2"]
[WhiteElo "2074"]
[BlackElo "2046"]
[PlyCount "61"]
[EventDate "2004.08.20"]

1.e4 e5 2.Nf3 Nc6 3.Bb5 a6 4.Ba4 Nf6 5.O-O Nxe4 6.d4 b5 7.Bb3 d5 8.dxe5 
Be6 9.Nbd2 Nc5 10.c3 Be7 11.Re1 O-O 12.Nf1 Qd7 13.Bc2 Rad8 14.Bg5 f6 15.
exf6 Bxf6 16.Bxf6 Rxf6 17.b4 Ne4 18.Bxe4 dxe4 19.Qxd7 Rxd7 20.Rxe4 Rd3 21.
Re3 Bc4 22.Rxd3 Bxd3 23.Rd1 Be2 24.Rd7 Bxf3 25.gxf3 Rf7 26.Rxf7 Kxf7 27.f4
Ke6 28.Ne3 Ne7 29.Kg2 Nd5 30.Nd1 Kf5 31.Kf3 1/2-1/2

[Event "XXIV Festival Conca della Presolana A"]
[Site "Bratto - Castione della Presolana ITA"]
[Date "2004.08.26"]
[Round "7"]
[White "Lucaroni, Massimiliano"]
[Black "Drazic, Sinisa"]
[Result "0-1"]
[WhiteElo "2305"]
[BlackElo "2461"]
[PlyCount "56"]
[EventDate "2004.08.20"]

1.e4 e6 2.Nf3 d5 3.e5 Bd7 4.d4 a6 5.Nc3 c5 6.Be3 Ne7 7.Be2 Nf5 8.Qd2 Nc6 
9.O-O-O Qa5 10.dxc5 Nxe3 11.Qxe3 h6 12.Kb1 Bxc5 13.Qf4 O-O 14.Bd3 Rac8 15.
Ne2 Nb4 16.Nc1 Bxf2 17.Rhf1 Bb6 18.h4 Qa4 19.Qd2 Nxd3 20.Nxd3 Bb5 21.Rfe1 
Qg4 22.Nf4 Rc4 23.Nh3 Rfc8 24.c3 d4 25.Nxd4 Bxd4 26.cxd4 Rc2 27.Qb4 Rxg2 
28.Ng1 Rcc2 0-1

[Event "XXIV Festival Conca della Presolana A"]
[Site "Bratto - Castione della Presolana ITA"]
[Date "2004.08.26"]
[Round "7"]
[White "Magrini, Riccardo"]
[Black "Lapiccirella, Daniele"]
[Result "0-1"]
[WhiteElo "2270"]
[BlackElo "2104"]
[PlyCount "56"]
[EventDate "2004.08.20"]

1.e4 c5 2.Nf3 e6 3.d4 cxd4 4.Nxd4 Nc6 5.Nc3 a6 6.a3 Qc7 7.g3 b5 8.Bg2 Bb7 
9.O-O Nf6 10.Nxc6 Bxc6 11.Qe2 Qb7 12.Bf4 Be7 13.Rad1 O-O 14.f3 d5 15.e5 
Nd7 16.h4 a5 17.Rfe1 b4 18.axb4 axb4 19.Nb1 Ra2 20.Bc1 Bb5 21.Rd3 Nc5 22.
Qd1 Nxd3 23.cxd3 Ba4 24.b3 Bb5 25.Re2 Rxe2 26.Qxe2 Qa6 27.Bf1 Rc8 28.Bb2 
Qa2 0-1

[Event "XXIV Festival Conca della Presolana A"]
[Site "Bratto - Castione della Presolana ITA"]
[Date "2004.08.26"]
[Round "7"]
[White "Mantovani, Renzo"]
[Black "Bernard, Jacques"]
[Result "1-0"]
[WhiteElo "2382"]
[BlackElo "2222"]
[PlyCount "193"]
[EventDate "2004.08.20"]

1.c4 e5 2.Nc3 Bb4 3.d3 Nf6 4.Nf3 Nc6 5.Bd2 O-O 6.a3 Bxc3 7.Bxc3 d6 8.b4 
Re8 9.e3 Bf5 10.Be2 Qe7 11.O-O Rad8 12.Qb3 h6 13.Rac1 e4 14.dxe4 Nxe4 15.
Ba1 Ne5 16.Qb2 Nxf3+ 17.Bxf3 Qe5 18.Rfd1 Qxb2 19.Bxb2 b6 20.h4 Kf8 21.Rd4 
c5 22.Rd5 Bc8 23.bxc5 Nxc5 24.Rcd1 Be6 25.Rxd6 Rxd6 26.Rxd6 Bxc4 27.Bd4 
Ne6 28.Bc3 Rd8 29.Bb4 Rxd6 30.Bxd6+ Kg8 31.g4 g5 32.h5 f6 33.Kg2 Kf7 34.
Kg3 Ng7 35.Be4 Be6 36.Bg6+ Kg8 37.f3 f5 38.Bb8 a6 39.Be5 fxg4 40.fxg4 Bc4 
41.Kf3 Bb3 42.Bd4 b5 43.Be4 a5 44.Bc3 b4 45.axb4 axb4 46.Bxb4 Ne8 47.Bc3 
Nd6 48.Bd3 Bd1+ 49.Kg3 Bb3 50.Be5 Nf7 51.Bd4 Be6 52.Kf3 Bd5+ 53.e4 Bb3 54.
Be2 Nd8 55.Ke3 Ne6 56.Be5 Kf7 57.Bd6 Ba2 58.Bd1 Kg8 59.Bc2 Kf7 60.Ba4 Bc4 
61.Bc6 Bb3 62.Kd2 Bc4 63.Bd5 Ba6 64.Ke3 Bc8 65.e5 Bd7 66.Bc4 Bc8 67.Bb3 
Bd7 68.Bb4 Bc8 69.Bd5 Bd7 70.Kf3 Ke8 71.Be4 Nd4+ 72.Kg3 Ne2+ 73.Kf3 Nd4+ 
74.Ke3 Ne6 75.Bg6+ Kd8 76.Ke4 Nf4 77.Ba5+ Ke7 78.Bb4+ Kd8 79.Bf5 Bc6+ 80.
Kd4 Ke8 81.e6 Ba4 82.Ke5 Bb3 83.Bd6 Nd5 84.Bg6+ Kd8 85.Bf8 Ne7 86.Bxh6 
Nxg6+ 87.hxg6 Bc2 88.Kf6 Ke8 89.Bxg5 Bd3 90.Be3 Bc2 91.Bc5 Bd3 92.g5 Bc2 
93.Kg7 Bf5 94.Kh7 Be4 95.Kh6 Bf5 96.g7 Bxe6 97.Kh7 1-0

[Event "XXIV Festival Conca della Presolana A"]
[Site "Bratto - Castione della Presolana ITA"]
[Date "2004.08.26"]
[Round "7"]
[White "Manzoni, Alessandro"]
[Black "Mariano, Elia"]
[Result "1/2-1/2"]
[WhiteElo "2070"]
[BlackElo "2212"]
[PlyCount "27"]
[EventDate "2004.08.20"]

1.e4 d5 2.Nc3 Nf6 3.exd5 Nxd5 4.Nxd5 Qxd5 5.Qf3 Qxf3 6.Nxf3 Nc6 7.Bb5 Bd7 
8.c3 e5 9.O-O f6 10.Re1 O-O-O 11.d4 exd4 12.Bxc6 Bxc6 13.Nxd4 Bd7 14.Bf4 
1/2-1/2

[Event "XXIV Festival Conca della Presolana A"]
[Site "Bratto - Castione della Presolana ITA"]
[Date "2004.08.26"]
[Round "7"]
[White "Marzano, Carlo"]
[Black "Lanzani, Mario"]
[Result "0-1"]
[WhiteElo "2244"]
[BlackElo "2365"]
[PlyCount "74"]
[EventDate "2004.08.20"]

1.d4 Nf6 2.Nf3 c5 3.dxc5 e6 4.c4 Bxc5 5.Nc3 O-O 6.e3 Nc6 7.Be2 d5 8.cxd5 
exd5 9.O-O Re8 10.b3 a6 11.Bb2 Be6 12.Rc1 Ba7 13.Na4 Ne4 14.Nd4 Qd6 15.Bf3
Ne5 16.Bxe4 dxe4 17.Nxe6 Qxe6 18.Nc5 Qe7 19.Qd4 Qf8 20.Qb4 Nd7 21.Bd4 Rec8
22.Qxb7 Nxc5 23.Bxc5 Bxc5 24.Qxe4 Qe7 25.Qf5 g6 26.Qd5 Ba3 27.Rc6 Rxc6 28.
Qxc6 Ra7 29.Rd1 Kg7 30.h3 a5 31.Rd5 Bb4 32.a3 Bxa3 33.Qc3+ Qf6 34.Qc8 Bd6 
35.g3 Rc7 36.Qg4 Rc2 37.Qd4 Qxd4 0-1

[Event "XXIV Festival Conca della Presolana A"]
[Site "Bratto - Castione della Presolana ITA"]
[Date "2004.08.26"]
[Round "7"]
[White "Moncelli, Giorgio"]
[Black "Bresciani, Nicola"]
[Result "0-1"]
[WhiteElo "2141"]
[BlackElo "2284"]
[PlyCount "90"]
[EventDate "2004.08.20"]

1.d4 Nf6 2.Nf3 e6 3.c4 b6 4.Nc3 Bb4 5.e3 Ne4 6.Qc2 Bb7 7.Bd3 f5 8.O-O Bxc3
9.bxc3 O-O 10.Nd2 Qh4 11.f3 Ng5 12.Rf2 Rf6 13.Nf1 Na6 14.e4 f4 15.Ba3 d6 
16.e5 dxe5 17.dxe5 Rf7 18.Rb1 c5 19.Nd2 Rd8 20.Ne4 Bxe4 21.Bxe4 Nxe4 22.
Qxe4 Qg5 23.Re1 Qf5 24.Qxf5 Rxf5 25.Bc1 Nb8 26.Rff1 Nc6 27.Rd1 Rxd1 28.
Rxd1 Nxe5 29.Re1 g5 30.Re4 Kf7 31.Kf1 Nc6 32.h4 h6 33.hxg5 hxg5 34.g3 fxg3
35.Kg2 Ne5 36.Bxg5 Rxg5 37.f4 Rg4 38.Rxe5 Rxf4 39.Kxg3 Rxc4 40.Re3 Kf6 41.
Kf3 Kf5 42.Rd3 Ra4 43.Rd2 Ra3 44.Rc2 Ke5 45.Ke3 Kd5 0-1

[Event "XXIV Festival Conca della Presolana A"]
[Site "Bratto - Castione della Presolana ITA"]
[Date "2004.08.26"]
[Round "7"]
[White "Navarro, Stefano"]
[Black "Vancini, Edoardo"]
[Result "0-1"]
[WhiteElo "2117"]
[BlackElo "2294"]
[PlyCount "68"]
[EventDate "2004.08.20"]

1.e4 c5 2.Nf3 e6 3.d4 cxd4 4.Nxd4 Nc6 5.Nc3 Qc7 6.Be2 a6 7.O-O Nf6 8.Be3 
Bb4 9.Bf3 Ne5 10.Bf4 d6 11.Bxe5 dxe5 12.Nde2 Bd7 13.Qc1 O-O 14.Nd1 Bb5 15.
c3 Be7 16.Re1 Nd7 17.Qc2 Bg5 18.Ng3 Rfd8 19.Ne3 Nb6 20.b3 Bd3 21.Qb2 Nd7 
22.Rad1 Nc5 23.c4 b5 24.Qc3 Rac8 25.h3 Rd4 26.cxb5 axb5 27.Nc2 Bxc2 28.
Qxc2 Nd3 29.Qxc7 Rxc7 30.Rf1 g6 31.Be2 Nc1 32.Bxb5 Nxa2 33.Bc4 Nc3 34.Rd3 
Rcxc4 0-1

[Event "XXIV Festival Conca della Presolana A"]
[Site "Bratto - Castione della Presolana ITA"]
[Date "2004.08.26"]
[Round "7"]
[White "Nieus, Thierry"]
[Black "Piantoni, Roberto"]
[Result "1/2-1/2"]
[WhiteElo "2221"]
[BlackElo "2124"]
[PlyCount "26"]
[EventDate "2004.08.20"]

1.e4 c6 2.d4 d5 3.e5 c5 4.dxc5 Nc6 5.Nf3 Bg4 6.Bf4 e6 7.Bd3 Bxc5 8.O-O 
Nge7 9.h3 Bxf3 10.Qxf3 Ng6 11.Re1 Qb6 12.Bxg6 hxg6 13.Nc3 Nd4 1/2-1/2

[Event "XXIV Festival Conca della Presolana A"]
[Site "Bratto - Castione della Presolana ITA"]
[Date "2004.08.26"]
[Round "7"]
[White "Passoni, Carlo"]
[Black "Vinciguerra, Marco"]
[Result "1-0"]
[WhiteElo "2286"]
[BlackElo "2129"]
[PlyCount "33"]
[EventDate "2004.08.20"]

1.e4 d5 2.exd5 Nf6 3.d4 Nxd5 4.c4 Nb6 5.Nc3 g6 6.Nf3 Bg7 7.Be2 O-O 8.h3 
Nc6 9.Be3 e5 10.d5 Ne7 11.g4 f5 12.gxf5 gxf5 13.Bg5 Nd7 14.d6 cxd6 15.Qxd6
Bf6 16.O-O-O e4 17.Bxf6 1-0

[Event "XXIV Festival Conca della Presolana A"]
[Site "Bratto - Castione della Presolana ITA"]
[Date "2004.08.26"]
[Round "7"]
[White "Patelli, Alessandro"]
[Black "Bianco, Raffaele"]
[Result "1-0"]
[WhiteElo "2211"]
[BlackElo "2097"]
[PlyCount "63"]
[EventDate "2004.08.20"]

1.Nf3 Nf6 2.c4 g6 3.Nc3 Bg7 4.e4 d6 5.d4 O-O 6.Be2 e5 7.Be3 Nc6 8.d5 Ne7 
9.Nd2 a5 10.c5 Ne8 11.Nc4 f5 12.f3 dxc5 13.Bxc5 Nd6 14.Qb3 fxe4 15.fxe4 
Kh8 16.Rf1 Rxf1+ 17.Kxf1 Nxc4 18.Bxc4 b6 19.Be3 Bd7 20.d6 cxd6 21.Qxb6 
Qxb6 22.Bxb6 Rb8 23.Bxa5 Rxb2 24.Rb1 Rxb1+ 25.Nxb1 Bh6 26.Bc7 Nc8 27.Ke2 
Kg7 28.Kd3 Kf6 29.Nc3 Ke7 30.Nd5+ Ke8 31.Nf6+ Ke7 32.Ng8+ 1-0

[Event "XXIV Festival Conca della Presolana A"]
[Site "Bratto - Castione della Presolana ITA"]
[Date "2004.08.26"]
[Round "7"]
[White "Pechy, Alaster"]
[Black "Barletta, Antonio"]
[Result "1-0"]
[WhiteElo "2138"]
[BlackElo "2066"]
[PlyCount "131"]
[EventDate "2004.08.20"]

1.d4 Nf6 2.c4 g6 3.Nc3 Bg7 4.e4 d6 5.f3 O-O 6.Nge2 Nc6 7.Be3 a6 8.Qd2 Re8 
9.Nc1 e5 10.d5 Nd4 11.N1e2 c5 12.dxc6 bxc6 13.Nxd4 exd4 14.Bxd4 d5 15.cxd5
cxd5 16.e5 Nh5 17.O-O-O Bxe5 18.Bxe5 Rxe5 19.Bc4 Qc7 20.Bxd5 Rb8 21.Bb3 
Be6 22.Qd6 Qxd6 23.Rxd6 Bxb3 24.axb3 Rxb3 25.Kc2 Rb7 26.g3 a5 27.f4 Re3 
28.Ra1 Rf3 29.Re1 Rf2+ 30.Re2 Rxe2+ 31.Nxe2 Kg7 32.Nc3 Ra7 33.Nd5 f5 34.
Kb3 Kf7 35.Rc6 Rb7+ 36.Ka3 Rd7 37.Rc7 Ke6 38.Rxd7 Kxd7 39.Ka4 Kc6 40.Ne3 
Kb6 41.Nc4+ Ka6 42.Nxa5 h6 43.Nc6 g5 44.fxg5 hxg5 45.Nd4 f4 46.gxf4 Nxf4 
47.Nf3 Nd3 48.Nxg5 Nxb2+ 49.Kb3 Nd3 50.Kc4 Nf4 51.Kd4 Kb6 52.Ke5 Ng2 53.
Ne6 Kc6 54.Nd4+ Kd7 55.Kf6 Ke8 56.Nc2 Nh4 57.Ne1 Kf8 58.Kg5 Kg7 59.Kxh4 
Kh6 60.Kg4 Kg6 61.Nf3 Kh6 62.Ne5 Kg7 63.Kg5 Kh8 64.Kg6 Kg8 65.Nf7 Kf8 66.
h4 1-0

[Event "XXIV Festival Conca della Presolana A"]
[Site "Bratto - Castione della Presolana ITA"]
[Date "2004.08.26"]
[Round "7"]
[White "Piscopo, Pierluigi"]
[Black "Salvador, Roland"]
[Result "0-1"]
[WhiteElo "2367"]
[BlackElo "2178"]
[PlyCount "68"]
[EventDate "2004.08.20"]

1.e4 c5 2.Nf3 Nc6 3.Bb5 g6 4.c3 Qb6 5.Ba4 Bg7 6.O-O e6 7.a3 Nge7 8.b4 O-O 
9.d3 d5 10.Be3 d4 11.cxd4 Nxd4 12.Nbd2 e5 13.Nc4 Qc7 14.bxc5 Bg4 15.Nxd4 
exd4 16.Qxg4 dxe3 17.e5 exf2+ 18.Rxf2 Qxc5 19.Rb1 Rad8 20.Rb5 Qc7 21.Qe4 
Nc6 22.Rc5 Qe7 23.Rxc6 bxc6 24.d4 Qe6 25.Bb3 c5 26.dxc5 Rc8 27.Qe3 Qd5 28.
Nd6 Qxc5 29.Qf3 Bxe5 30.Nxf7 Bd4 31.Kf1 Qc1+ 32.Ke2 Qb2+ 33.Kf1 Rc1+ 34.
Bd1 Rxd1+ 0-1

[Event "XXIV Festival Conca della Presolana A"]
[Site "Bratto - Castione della Presolana ITA"]
[Date "2004.08.26"]
[Round "7"]
[White "Poropat, Marijan"]
[Black "Valenti, Giuseppe"]
[Result "1-0"]
[WhiteElo "2126"]
[BlackElo "2288"]
[PlyCount "47"]
[EventDate "2004.08.20"]

1.Nf3 Nf6 2.d4 e6 3.Bg5 c5 4.e3 h6 5.Bh4 Be7 6.Nbd2 b6 7.Bd3 Bb7 8.c3 Nc6 
9.Qe2 cxd4 10.exd4 Nd5 11.Bg3 O-O 12.h4 a5 13.a4 d6 14.Rd1 Qd7 15.c4 Ndb4 
16.Bb1 d5 17.O-O Bf6 18.Ne5 Qd8 19.Qg4 Ne7 20.Rfe1 Rc8 21.b3 Re8 22.Nxf7 
Kxf7 23.Qxe6+ Kf8 24.Bg6 1-0

[Event "XXIV Festival Conca della Presolana A"]
[Site "Bratto - Castione della Presolana ITA"]
[Date "2004.08.26"]
[Round "7"]
[White "Radice, Luca"]
[Black "Turci, Alberto"]
[Result "1-0"]
[WhiteElo "2085"]
[BlackElo "2023"]
[PlyCount "137"]
[EventDate "2004.08.20"]

1.d4 Nf6 2.c4 e5 3.dxe5 Ng4 4.Bf4 Nc6 5.Nf3 Bb4+ 6.Nbd2 Qe7 7.a3 Ngxe5 8.
Nxe5 Nxe5 9.e3 Bxd2+ 10.Qxd2 d6 11.Be2 a5 12.Qc3 f6 13.O-O a4 14.Rac1 Nd7 
15.Bd3 Nc5 16.Bc2 O-O 17.Rfd1 f5 18.f3 b6 19.Re1 Bb7 20.Bg3 Qg5 21.Qd4 
Rae8 22.Rcd1 Re6 23.Qh4 Qg6 24.Kh1 Rfe8 25.Bf2 Qf7 26.Qf4 Rf6 27.Qd4 Rfe6 
28.Qc3 Qh5 29.e4 fxe4 30.Bxc5 dxc5 31.Rd7 R8e7 32.Rxe7 Rxe7 33.Kg1 Qe8 34.
Qe3 Kh8 35.fxe4 Re5 36.Qf4 Bc6 37.Rf1 Kg8 38.Re1 Qe7 39.Qg4 g6 40.h3 Kg7 
41.Qf4 Qf6 42.Qxf6+ Kxf6 43.Kf2 g5 44.Ke3 Ke7 45.Rf1 Bd7 46.Rh1 Kf6 47.Bd1
h6 48.Bg4 Bc6 49.Bf5 Re7 50.g4 Ke5 51.Rd1 Kf6 52.h4 Rg7 53.hxg5+ hxg5 54.
Rh1 Ke7 55.Rh6 Bb7 56.e5 Ba6 57.Kd3 Bb7 58.Rh8 Bg2 59.Rc8 c6 60.Kc3 Rf7 
61.Rb8 b5 62.cxb5 cxb5 63.Rxb5 c4 64.Rc5 Bf1 65.Rc7+ Kf8 66.Rxf7+ Kxf7 67.
Kb4 Be2 68.Kxa4 Bd1+ 69.Kb4 1-0

[Event "XXIV Festival Conca della Presolana A"]
[Site "Bratto - Castione della Presolana ITA"]
[Date "2004.08.26"]
[Round "7"]
[White "Ranola, Yves"]
[Black "Bellini, Fabio"]
[Result "1/2-1/2"]
[WhiteElo "2410"]
[BlackElo "2509"]
[PlyCount "114"]
[EventDate "2004.08.20"]

1.Nf3 g6 2.e4 c5 3.d3 Bg7 4.g3 Nc6 5.Bg2 d6 6.O-O e6 7.c3 Nge7 8.d4 cxd4 
9.cxd4 d5 10.e5 b6 11.Nc3 Ba6 12.Re1 Qd7 13.Qa4 Na5 14.Bg5 Qxa4 15.Nxa4 
Nac6 16.Rac1 Rc8 17.Bf1 Bxf1 18.Kxf1 Kd7 19.Nc3 Nf5 20.Rcd1 h5 21.h3 Na5 
22.g4 hxg4 23.hxg4 Nh6 24.Bxh6 Bxh6 25.Rd3 Nc4 26.Rb1 Bf8 27.Kg2 Be7 28.
Ne2 b5 29.Nf4 a5 30.Rdd1 a4 31.Nd3 Na5 32.Rh1 b4 33.Rxh8 Rxh8 34.Rc1 b3 
35.axb3 Nxb3 36.Rc2 Rb8 37.Kf1 Rh8 38.Kg2 Rc8 39.Rxc8 Kxc8 40.Nf4 Kb7 41.
Kf1 Kb6 42.Ke2 Kb5 43.Kd3 Kb4 44.Ne2 Na5 45.Nd2 Nc4 46.Nxc4 dxc4+ 47.Kc2 
Bh4 48.f4 Bf2 49.f5 gxf5 50.gxf5 exf5 51.d5 Kc5 52.Nc3 Bh4 53.e6 fxe6 54.
dxe6 f4 55.Nxa4+ Kd4 56.Kd2 f3 57.Nb6 Bg5+ 1/2-1/2

[Event "XXIV Festival Conca della Presolana A"]
[Site "Bratto - Castione della Presolana ITA"]
[Date "2004.08.26"]
[Round "7"]
[White "Raselli, Claudio"]
[Black "Marinelli, Gian Marco"]
[Result "1-0"]
[WhiteElo "2061"]
[BlackElo "2018"]
[PlyCount "65"]
[EventDate "2004.08.20"]

1.c4 g6 2.g3 Bg7 3.Bg2 d6 4.d4 Nf6 5.Nf3 O-O 6.O-O e5 7.Nc3 Nc6 8.d5 Ne7 
9.e4 Nh5 10.h3 a6 11.Be3 Qe8 12.c5 f5 13.cxd6 cxd6 14.Bb6 Bh6 15.Qb3 Nf6 
16.Nxe5 dxe5 17.d6+ Kh8 18.dxe7 Qxe7 19.Rad1 fxe4 20.Nd5 Nxd5 21.Qxd5 Bg7 
22.Bc5 Qf6 23.Bxf8 Qxf8 24.Qd8 Be6 25.Qxf8+ Rxf8 26.b3 Bh6 27.Rfe1 e3 28.
fxe3 Rc8 29.Re2 Rc3 30.Kf2 Kg7 31.Rd6 Kf6 32.Bd5 Rd3 33.Rxe6+ 1-0

[Event "XXIV Festival Conca della Presolana A"]
[Site "Bratto - Castione della Presolana ITA"]
[Date "2004.08.26"]
[Round "7"]
[White "Sardo, Gabriele"]
[Black "Maccagno, Giancarlo"]
[Result "1-0"]
[WhiteElo "2202"]
[BlackElo "2099"]
[PlyCount "137"]
[EventDate "2004.08.20"]

1.c4 f5 2.d4 Nf6 3.g3 g6 4.Bg2 Bg7 5.Nc3 O-O 6.Nh3 d6 7.d5 Na6 8.O-O Bd7 
9.Rb1 c6 10.dxc6 bxc6 11.b4 Rb8 12.Qa4 Qb6 13.c5 Qb7 14.cxd6 exd6 15.Bf4 
Ne8 16.Qb3+ Kh8 17.Ng5 h6 18.Nf7+ Kh7 19.Rfc1 Qxb4 20.Qxb4 Rxb4 21.Rxb4 
Nxb4 22.Nxd6 Be6 23.a3 Nd5 24.Nxd5 Bxd5 25.Nc4 Rf6 26.Be5 Re6 27.Bxg7 Kxg7
28.e3 Nf6 29.Nd2 Bxg2 30.Kxg2 Nd5 31.Nf3 Ne7 32.Rc5 Kf6 33.Ra5 Nc8 34.Nd4 
Rd6 35.Rc5 Ne7 36.Kf3 Rd5 37.Rc3 Rd6 38.h4 g5 39.hxg5+ hxg5 40.Rc5 g4+ 41.
Ke2 Rd5 42.Rc4 Ra5 43.a4 Ke5 44.Rxc6 Kd5 45.Rc7 Ng8 46.Rg7 Nf6 47.Rf7 Ra6 
48.Nb5 Kc5 49.Rxa7 Rxa7 50.Nxa7 Ne4 51.a5 Nd6 52.Kd3 Kd5 53.Kc3 Kc5 54.Kd2
Ne4+ 55.Ke1 Nd6 56.Ke2 Kd5 57.Ke1 Kc5 58.Kf1 Kd5 59.Ke2 Kc5 60.f3 Kd5 61.
e4+ fxe4 62.fxg4 Nc4 63.a6 Nd6 64.g5 Kc5 65.g6 Nf5 66.g4 Ne7 67.g7 Kb6 68.
Nc8+ Nxc8 69.g8=Q 1-0

[Event "XXIV Festival Conca della Presolana A"]
[Site "Bratto - Castione della Presolana ITA"]
[Date "2004.08.26"]
[Round "7"]
[White "Sax, Gyula"]
[Black "Zimina, Olga"]
[Result "1-0"]
[WhiteElo "2535"]
[BlackElo "2430"]
[PlyCount "131"]
[EventDate "2004.08.20"]

1.e4 c6 2.d4 d5 3.e5 Bf5 4.Be3 e6 5.Nd2 Nd7 6.c3 f6 7.f4 Qb6 8.Qb3 g5 9.
Ngf3 gxf4 10.Bxf4 Bh6 11.Bxh6 Nxh6 12.exf6 Nxf6 13.h3 Nh5 14.g4 Ng3 15.Rg1
Nxf1 16.Qxb6 axb6 17.Kxf1 Bg6 18.Kg2 Nf7 19.Rge1 Kd7 20.Kg3 c5 21.c4 Rhe8 
22.Re3 cxd4 23.Rb3 e5 24.cxd5 Ra4 25.Rxb6 e4 26.b3 Ra5 27.Nxd4 e3 28.N2f3 
Nd6 29.Re1 Rxa2 30.Nb5 Nxb5 31.Rxb5 Kd6 32.Rxb7 Kxd5 33.Rd7+ Kc5 34.Rd4 
Rb2 35.Rc4+ Kb6 36.Rc3 e2 37.Kf2 Bc2 38.Rxe2 Rxe2+ 39.Kxe2 Bxb3+ 40.Ke3 
Bd5 41.Ne5 Rh2 42.Kf4 Kb5 43.Kg5 Kb4 44.Rg3 Kc5 45.Nd7+ Kd6 46.Nf6 h6+ 47.
Kh5 Bg2 48.h4 Ke5 49.Ng8 Bc6 50.Rb3 Kf4 51.Nf6 Bf3 52.Ra3 Kg3 53.Ne4+ Kf4 
54.Nf6 Kg3 55.Kxh6 Rxh4+ 56.Kg5 Rh8 57.Kf5 Rb8 58.g5 Rb5+ 59.Ke6 Kf4 60.g6
Rb6+ 61.Ke7 Rb7+ 62.Nd7 Bd5 63.g7 Kf5 64.Ra6 Bb3 65.Rf6+ Kg5 66.Re6 1-0

[Event "XXIV Festival Conca della Presolana A"]
[Site "Bratto - Castione della Presolana ITA"]
[Date "2004.08.26"]
[Round "7"]
[White "Shytaj, Carlo"]
[Black "Rosin, Federico"]
[Result "1-0"]
[WhiteElo "2214"]
[BlackElo "2124"]
[PlyCount "127"]
[EventDate "2004.08.20"]

1.e4 c5 2.b3 Nc6 3.Bb2 e5 4.Bc4 Be7 5.Nc3 Nf6 6.Nge2 Nxe4 7.Nxe4 d5 8.Bd3 
dxe4 9.Bxe4 Nd4 10.Nxd4 exd4 11.Qf3 Qc7 12.c3 Bf6 13.cxd4 Bxd4 14.Bxd4 
cxd4 15.Qd3 Be6 16.Qxd4 O-O 17.O-O Rfd8 18.Qe3 Bd5 19.Rfc1 Qb6 20.Qxb6 
axb6 21.Bxd5 Rxd5 22.Rc7 Rxd2 23.Rxb7 g6 24.a4 Rad8 25.g3 R8d6 26.b4 Rf6 
27.Rf1 Ra2 28.Ra7 Rf3 29.Ra6 Rb3 30.b5 Kg7 31.Rxb6 Rxa4 32.Re1 Rab4 33.Re5
Rf3 34.Kg2 Rf6 35.Rxf6 Kxf6 36.Rc5 Rb3 37.Rc6+ Ke5 38.Rb6 h5 39.Rb8 Kf6 
40.b6 Kg7 41.h4 Kh7 42.Kf1 Rb2 43.Ke1 f6 44.f3 Kg7 45.Kd1 Kf7 46.Kc1 Rb5 
47.Kc2 g5 48.Kc3 gxh4 49.gxh4 Kg6 50.Kc4 Rb1 51.Kc5 Rc1+ 52.Kd6 Rd1+ 53.
Kc6 Rc1+ 54.Kb7 Rc3 55.Rc8 Rxf3 56.Rc5 Re3 57.Ka6 f5 58.b7 Re8 59.Rc8 Re1 
60.b8=Q Ra1+ 61.Kb6 Rb1+ 62.Kc6 Rxb8 63.Rxb8 f4 64.Rf8 1-0

[Event "XXIV Festival Conca della Presolana A"]
[Site "Bratto - Castione della Presolana ITA"]
[Date "2004.08.26"]
[Round "7"]
[White "Simeone, Giulio"]
[Black "Gangemi, Salvatore"]
[Result "0-1"]
[WhiteElo "2024"]
[BlackElo "2085"]
[PlyCount "48"]
[EventDate "2004.08.20"]

1.c4 e5 2.Nc3 Bb4 3.Nd5 Bc5 4.e3 c6 5.d4 exd4 6.exd4 cxd5 7.dxc5 Qa5+ 8.
Bd2 Qxc5 9.cxd5 Nf6 10.Rc1 b6 11.Rxc5 bxc5 12.Qc2 O-O 13.Qxc5 Ne4 14.Qb4 
f5 15.Bc4 d6 16.Nf3 a5 17.Qb3 Na6 18.Bxa6 Bxa6 19.Bc3 a4 20.Qxa4 Bd3 21.
Qd7 Rxa2 22.b4 Re2+ 23.Kd1 Nxc3+ 24.Kc1 Rc2# 0-1

[Event "XXIV Festival Conca della Presolana A"]
[Site "Bratto - Castione della Presolana ITA"]
[Date "2004.08.26"]
[Round "7"]
[White "Tatai, Stefano"]
[Black "De Vita, Igor"]
[Result "1/2-1/2"]
[WhiteElo "2357"]
[BlackElo "2156"]
[PlyCount "29"]
[EventDate "2004.08.20"]

1.e4 e6 2.d4 d5 3.Nc3 Bb4 4.e5 c5 5.a3 Bxc3+ 6.bxc3 Qc7 7.Qg4 f5 8.Qg3 
cxd4 9.cxd4 Ne7 10.Bd2 O-O 11.Bd3 b6 12.Ne2 Ba6 13.Nf4 Qd7 14.Bb4 Rc8 15.
O-O 1/2-1/2

[Event "XXIV Festival Conca della Presolana A"]
[Site "Bratto - Castione della Presolana ITA"]
[Date "2004.08.26"]
[Round "7"]
[White "Temi, Walter"]
[Black "Andreoli, Renato"]
[Result "1/2-1/2"]
[WhiteElo "2101"]
[BlackElo "2200"]
[PlyCount "32"]
[EventDate "2004.08.20"]

1.e4 e5 2.Nf3 Nc6 3.Nc3 Nf6 4.Bb5 Nd4 5.Ba4 Bc5 6.Nxe5 O-O 7.Nd3 Bb6 8.e5 
Ne8 9.Nd5 d6 10.Ne3 Bf5 11.Nxf5 Nxf5 12.O-O dxe5 13.Nxe5 Qd4 14.Bxe8 Rfxe8
15.Nf3 Qg4 16.Re1 Nd4 1/2-1/2

[Event "XXIV Festival Conca della Presolana A"]
[Site "Bratto - Castione della Presolana ITA"]
[Date "2004.08.26"]
[Round "7"]
[White "Vezzosi, Paolo"]
[Black "Mione, Dario"]
[Result "1-0"]
[WhiteElo "2350"]
[BlackElo "2256"]
[PlyCount "87"]
[EventDate "2004.08.20"]

1.d4 d5 2.c4 c6 3.Nc3 Nf6 4.e3 e6 5.Nf3 Nbd7 6.Qc2 Bd6 7.b3 Qe7 8.Be2 a6 
9.Bb2 b5 10.O-O b4 11.Na4 O-O 12.Ne5 Bb7 13.c5 Bc7 14.Nxd7 Nxd7 15.Bd3 f5 
16.f3 Nf6 17.a3 bxa3 18.Bc3 g6 19.Rfc1 a5 20.Rxa3 Ba6 21.Nb2 Rfb8 22.Bxa6 
Rxa6 23.Nd3 Qd8 24.Rca1 Raa8 25.Qd2 Rb5 26.b4 Rab8 27.bxa5 Rb1+ 28.Nc1 
Bxh2+ 29.Kxh2 Ng4+ 30.Kg1 Qh4 31.g3 Qxg3+ 32.Qg2 Qxg2+ 33.Kxg2 Nxe3+ 34.
Kh3 R1b7 35.a6 Ra7 36.Rb3 Rxb3 37.Nxb3 h5 38.Bd2 Nc4 39.Bf4 Kf7 40.Bb8 Ra8
41.a7 g5 42.Ra6 g4+ 43.fxg4 hxg4+ 44.Kh4 1-0

[Event "XXIV Festival Conca della Presolana A"]
[Site "Bratto - Castione della Presolana ITA"]
[Date "2004.08.26"]
[Round "7"]
[White "Vinzoni, Andrea"]
[Black "Gosio, Denis"]
[Result "1/2-1/2"]
[WhiteElo "2090"]
[BlackElo "2170"]
[PlyCount "101"]
[EventDate "2004.08.20"]

1.d4 Nf6 2.c4 e6 3.Nc3 Bb4 4.e3 O-O 5.Bd3 d5 6.Nf3 c5 7.O-O Nc6 8.a3 Bxc3 
9.bxc3 dxc4 10.Bxc4 Qc7 11.Be2 Rd8 12.Qc2 e5 13.dxc5 e4 14.Nd4 Ne5 15.Nb5 
Qxc5 16.a4 Nc4 17.Bxc4 Qxc4 18.Ba3 Ne8 19.Nd4 Qd5 20.c4 Qe5 21.Bb2 Qe7 22.
Rfd1 Bg4 23.Ne2 Bxe2 24.Qxe2 f6 25.Ba3 Qe6 26.h3 Rac8 27.Rxd8 Rxd8 28.Rd1 
Rxd1+ 29.Qxd1 Qxc4 30.Qd7 Qc6 31.Qe7 h6 32.h4 Qxa4 33.Kh2 Qc6 34.Kh3 h5 
35.g4 hxg4+ 36.Kxg4 Qc8+ 37.Kf4 Qc7+ 38.Qxc7 Nxc7 39.Kxe4 Kf7 40.h5 Ke6 
41.f3 a5 42.Bf8 Kf7 43.Bd6 Ne8 44.Ba3 Ke6 45.Kd4 Nd6 46.Kc5 b5 47.e4 Nc4 
48.Bc1 Ne5 49.Kxb5 Nxf3 50.h6 gxh6 51.Bxh6 1/2-1/2

[Event "XXIV Festival Conca della Presolana A"]
[Site "Bratto - Castione della Presolana ITA"]
[Date "2004.08.26"]
[Round "7"]
[White "Young, Craig A."]
[Black "Rombaldoni, Axel"]
[Result "0-1"]
[WhiteElo "2124"]
[BlackElo "2063"]
[PlyCount "72"]
[EventDate "2004.08.20"]

1.d4 d5 2.Nf3 e6 3.c4 c6 4.e3 f5 5.b3 Nf6 6.Bd3 Bd6 7.a4 O-O 8.Ba3 Bxa3 9.
Nxa3 Ne4 10.O-O b6 11.b4 a5 12.b5 c5 13.Ne5 Bb7 14.f3 Nd6 15.Rc1 Qe7 16.
Qb3 f4 17.dxc5 bxc5 18.exf4 Rxf4 19.cxd5 exd5 20.Rfe1 Qf6 21.Rxc5 Nf7 22.
Ng4 Qd4+ 23.Kh1 Nd7 24.Rc7 Nc5 25.Bxh7+ Kxh7 26.Qc2+ Nd3 27.Rxb7 Nd6 28.
Rbe7 Rc8 29.Qb1 Kh8 30.R7e3 Nxe1 31.Rxe1 Qb4 32.Ne5 Qxb1 33.Nxb1 Rxa4 34.
h3 Ra1 35.b6 a4 36.Nd3 a3 0-1